| 000 | 00746nam a2200241Ii 4500 | ||
|---|---|---|---|
| 003 | JO-AjNU | ||
| 005 | 20240911101443.0 | ||
| 008 | 230605s9999||||xx |||||||||||||| ||und|| | ||
| 017 | _a83/2501 | ||
| 020 | _a977-172-038-4 | ||
| 040 |
_aJO-AjNU _bara _erda _cJO-AjNU |
||
| 041 | _aara | ||
| 050 | 1 | 4 | _aAC106.G426 1983 |
| 100 | 3 |
_aغريب،مأمون, _eauthor _97882 |
|
| 245 | 0 | 0 | _aقمم في الدين والفلسفة والأدب |
| 264 | 3 | 1 | _aالقاهرة:دار غريب،د.ت |
| 300 | _a158ص | ||
| 336 |
_atext _btxt _2rdacontent |
||
| 337 |
_aunmediated _bn _2rdamedia |
||
| 338 |
_avolume _bnc _2rdacarrier |
||
| 650 | 4 |
_aالفلاسفة-تراجم-الادباء-تراجم-المسلمون-تراجم _97883 |
|
| 942 |
_2lcc _cBK |
||
| 999 |
_c4072 _d4072 |
||